| 000 | 01159nam a2200349 i 4500 | ||
|---|---|---|---|
| 999 |
_c200449718 _d67930 |
||
| 001 | 200449718 | ||
| 003 | TR-AnTOB | ||
| 005 | 20231205083834.0 | ||
| 007 | ta | ||
| 008 | 221101s2020 tu 001 0 tur d | ||
| 020 | _a9786257761130 | ||
| 035 | _a(TR-AnTOB)200449718 | ||
| 040 |
_aTR-AnTOB _beng _erda _cTR-AnTOB |
||
| 041 | 0 | _atur | |
| 050 | 4 |
_aKKX683 _b.S8743 2020 |
|
| 090 |
_aKKX683 _b.S8743 2020 |
||
| 100 | 1 |
_aSüphandağ, Yavuz _eauthor _9126825 |
|
| 245 | 1 | 0 |
_aTaşınmazın, ipoteğin ve ortaklığın (paydaşlığın) giderilmesi satışlarında uygulamalar / _cYavuz Süphandağ. |
| 250 | _a7. tıpkı baskı. | ||
| 264 | 1 |
_aİstanbul : _bPlaton Hukuk Yayınevi, _c2020. |
|
| 300 |
_a731 pages ; _c24 cm |
||
| 336 |
_atext _btxt _2rdacontent |
||
| 337 |
_aunmediated _bn _2rdamedia |
||
| 338 |
_avolume _bnc _2rdacarrier |
||
| 490 | 0 |
_aPlaton Yayınevi Yayınları ; _v22. _aHukuk Dizisi ; _v21 |
|
| 500 | _aIncludes index. | ||
| 650 | 0 |
_aGayrimenkul mülkiyeti _zTürkiye _983838 |
|
| 650 | 7 |
_aİpotek _zTürkiye _2etuturkob _917867 |
|
| 650 | 7 |
_aOrtaklık _zTürkiye _2etuturkob _958391 |
|
| 942 |
_2lcc _cBK |
||